Loading...
| Beliefs | 3 | 3 | 0 | 1 | 75 | 41 | 84.33 | 3 | 6 | 0.00 | 0.00 |
| Social Science | 0 | 4 | 1 | 0 | 35 | 79 | 93.25 | 3 | 4 | 0.00 | 0.00 |
| Literature - British | 1 | 1 | 0 | 1 | 25 | 60 | 93.50 | 1 | 2 | 0.00 | 0.00 |
| History - World | 1 | 1 | 0 | 1 | 25 | 46 | 62.50 | 1 | 2 | 0.00 | 0.00 |
| Literature - American | 1 | 1 | 0 | 1 | 25 | 73 | 84.00 | 1 | 2 | 0.00 | 0.00 |
| Philosophy | 1 | 1 | 0 | 1 | 25 | 69 | 88.00 | 1 | 2 | 0.00 | 0.00 |
| History - European | 0 | 2 | 0 | 0 | 20 | 88 | 106.00 | 0 | 2 | 0.00 | 0.00 |
| Fine Arts - Auditory | 0 | 2 | 0 | 1 | 20 | 83 | 95.00 | 0 | 2 | 0.00 | 0.00 |
| Other Arts: Visual | 0 | 2 | 1 | 0 | 15 | 86 | 104.50 | 1 | 2 | 0.00 | 0.00 |
| 0 | 1 | 0 | 0 | 10 | 117 | 117.00 | 0 | 1 | 0.00 | 0.00 | |
| British and Commonwealth History | 0 | 1 | 0 | 0 | 10 | 151 | 151.00 | 1 | 1 | 0.00 | 0.00 |
| Chemistry> | 0 | 1 | 0 | 0 | 10 | 108 | 108.00 | 0 | 1 | 0.00 | 0.00 |
| Current Events | 0 | 1 | 0 | 0 | 10 | 78 | 78.00 | 1 | 1 | 0.00 | 0.00 |
| Other Arts: Auditory | 0 | 1 | 0 | 0 | 10 | 97 | 97.00 | 0 | 1 | 0.00 | 0.00 |
| Other Science: Earth Science | 0 | 1 | 0 | 0 | 10 | 132 | 132.00 | 0 | 1 | 0.00 | 0.00 |
| Science - Chemistry | 0 | 1 | 0 | 0 | 10 | 91 | 91.00 | 1 | 1 | 0.00 | 0.00 |
| Fine Arts - Visual | 0 | 1 | 2 | 0 | 0 | 119 | 119.00 | 1 | 1 | 0.00 | 0.00 |
| History - American | 0 | 0 | 1 | 0 | -5 | 0.00 | 0 | 0 | 0.00 | 0.00 | |
| Ancient History and Archaeology | 0 | 0 | 1 | 0 | -5 | 0.00 | 0 | 0 | 0.00 | 0.00 | |
| Other Academic | 0 | 0 | 1 | 0 | -5 | 0.00 | 0 | 0 | 0.00 | 0.00 |